• 首页
  • 本馆介绍
  • 公告通知
  • 最新文献
  • 馆藏检索
  • 电子资源
  • 读者导购
  • 参考咨询
  • 我的图书馆
  • 登录
  • 详细信息显示
  • 放入我的书架
  • 预约/预借图书
  • 作者相关作品
  • 分类相关作品
  • 丛书相关作品
  • 出版社相关作品

书目信息

  • 表格格式
  • 工作单格式
  • 卡片格式
题名:
崔峦教阅读与写作
    
 
作者: 崔峦 , 张瀛 主编
分册:   二年级
出版信息: 长春   长春出版社  2018.03
页数: 139页
开本: 26cm
丛书名:
单 册:
中图分类: G624.203 , G624.243
科图分类:
主题词: 阅读课--yue du ke--小学--教学参考资料 , 作文课--zuo wen ke--小学--教学参考资料
电子资源:
ISBN: 978-7-5445-4796-3
000 01108nam0 2200277 450
001 0104125619
005 20201105161354.86
010    @a978-7-5445-4796-3@dCNY18.80
100    @a20170905d2018 cemy0chiy50 ea
101 0  @achi
102    @aCN@b220000
105    @aa z 000yy
106    @ar
200 1  @a崔峦教阅读与写作@Acui luan jiao yue du yu xie zuo@i二年级@f崔峦主编@g张瀛册主编
205    @a2版@b修订本
210    @a长春@c长春出版社@d2018.03
215    @a139页@c图@d26cm
330    @a本丛书以小学《语文课程标准》为依据,聘请全国著名教育专家崔峦作为主审,结合本年级学生应该掌握的阅读目标和写作目标,以主题板块的形式进行编写。每个板块分为“崔峦教阅读”和“崔峦教写作”两个栏目,结合教学实际配有阅读训练和写作指导,能有效地帮助学生迅速提高阅读能力与写作水平。本书适合小学二年级使用。
606 0  @a阅读课@Ayue du ke@x小学@j教学参考资料
606 0  @a作文课@Azuo wen ke@x小学@j教学参考资料
690    @aG624.203@v5
690    @aG624.243@v5
701  0 @a崔峦@Acui luan@4主编
701  0 @a张瀛@Azhang ying@4册主编
801  0 @aCN@bBJSZM@c20201104
905    @b1260301-5@dG624.203@e1155=2@f5
    
    崔峦教阅读与写作.二年级/崔峦主编/张瀛册主编.-2版,修订本.-长春:长春出版社,2018.03
    139页:图;26cm
    
    
    ISBN 978-7-5445-4796-3:CNY18.80
    本丛书以小学《语文课程标准》为依据,聘请全国著名教育专家崔峦作为主审,结合本年级学生应该掌握的阅读目标和写作目标,以主题板块的形式进行编写。每个板块分为“崔峦教阅读”和“崔峦教写作”两个栏目,结合教学实际配有阅读训练和写作指导,能有效地帮助学生迅速提高阅读能力与写作水平。本书适合小学二年级使用。
●
相关链接 在E读中查询图书 在五车中查询图书 在当当中查询图书 在豆瓣中查询图书


正题名:崔峦教阅读与写作     索取号:G624.203/1155=2         预约/预借

序号 登录号 条形码 馆藏地/架位号 状态 备注
1 1260301   212603011   第一样本阅览室/ [索取号:G624.203/1155=2] 在馆    
2 1260302   212603020   教育系资料室/ [索取号:G624.203/1155=2] 在馆    
3 1260303   212603039   教育系资料室/ [索取号:G624.203/1155=2] 在馆    
4 1260304   212603048   第四借阅区/ [索取号:G624.203/1155=2] 在馆    
5 1260305   212603057   第四借阅区/ [索取号:G624.203/1155=2] 在馆    
唐山师范学院图书馆 欢迎您!
大连网信软件有限公司© 版权所有